|
|
|
|
| LEADER |
00000cam a2200000 c 4500 |
| 001 |
162256765X |
| 003 |
DE-627 |
| 005 |
20251225202521.0 |
| 007 |
tu |
| 008 |
170103s2016 ne ||||| 00| ||eng c |
| 016 |
7 |
|
|a GBB5I3409
|2 UK
|
| 020 |
|
|
|a 9780323414432
|c Festeinband : £63.99
|9 978-0-323-41443-2
|
| 035 |
|
|
|a (DE-627)162256765X
|
| 035 |
|
|
|a (DE-576)481398929
|
| 035 |
|
|
|a (DE-599)BSZ481398929
|
| 035 |
|
|
|a (BL)017675479
|
| 040 |
|
|
|a DE-627
|b ger
|c DE-627
|e rda
|
| 041 |
|
|
|a eng
|
| 044 |
|
|
|c XA-NL
|
| 082 |
0 |
|
|a 614.150835
|
| 245 |
0 |
0 |
|a Adjudicated youth
|c editor: Louis J. Kraus
|
| 264 |
|
1 |
|a Philadelphia, Pennsylvania
|b Elsevier
|c January 2016
|
| 300 |
|
|
|a xiv, 138 Seiten
|b Illustrationen
|
| 336 |
|
|
|a Text
|b txt
|2 rdacontent
|
| 337 |
|
|
|a ohne Hilfsmittel zu benutzen
|b n
|2 rdamedia
|
| 338 |
|
|
|a Band
|b nc
|2 rdacarrier
|
| 490 |
1 |
|
|a Child and adolescent psychiatric clinics of North America
|v volume 25, number 1
|
| 490 |
0 |
|
|a Clinics review articles
|
| 650 |
|
0 |
|a Forensic Psychology
|
| 650 |
|
0 |
|a Behavioral assessment of teenagers
|
| 650 |
|
0 |
|a Juvenile delinquents
|x Psychology
|
| 700 |
1 |
|
|a Kraus, Louis J.
|e HerausgeberIn
|0 (DE-588)1080880305
|0 (DE-627)845360302
|0 (DE-576)45380697X
|4 edt
|
| 830 |
|
0 |
|a Child and adolescent psychiatric clinics of North America
|v volume 25, number 1
|9 25,1
|w (DE-627)198666756
|w (DE-576)06874482X
|w (DE-600)1313996-4
|x 1056-4993
|7 am
|
| 856 |
4 |
2 |
|u https://swbplus.bsz-bw.de/bsz481398929inh.htm
|m B:DE-576;DE-Frei85
|q application/pdf
|v 20170131164504
|x Verlag
|3 Inhaltsverzeichnis
|7 1
|
| 935 |
|
|
|a mkri
|
| 951 |
|
|
|a BO
|
| ELC |
|
|
|b 1
|
| LOK |
|
|
|0 000 xxxxxcx a22 zn 4500
|
| LOK |
|
|
|0 001 3246259070
|
| LOK |
|
|
|0 003 DE-627
|
| LOK |
|
|
|0 004 162256765X
|
| LOK |
|
|
|0 005 20170125105555
|
| LOK |
|
|
|0 008 170103||||||||||||||||ger|||||||
|
| LOK |
|
|
|0 040
|a DE-Frei85
|c DE-627
|d DE-Frei85
|
| LOK |
|
|
|0 852
|a DE-Frei85
|
| LOK |
|
|
|0 852 1
|m p
|9 00
|
| LOK |
|
|
|0 938
|k p
|
| LOK |
|
|
|0 939
|a 03-01-17
|b l01
|
| ORI |
|
|
|a SA-MARC-krimdoka001.raw
|